LEADER 01075nam0-22003131i-450- 001 990007875030403321 005 20040427084632.0 035 $a000787503 035 $aFED01000787503 035 $a(Aleph)000787503FED01 035 $a000787503 100 $a20040427d--------km-y0itay50------ba 101 0 $aeng 200 1 $aStudies on the dynamics of vertically falling liquid sheet flows, estratto da Fluid Dynamics, 4(2003)$fLuigi De Luca, Gennaro Coppola 205 $a1 210 $aKerala$cTransworld Research Network$d2003 700 1$aDe Luca,$bLuigi$01379 701 1$aCardone,$bGennaro$0282386 801 0$aIT$bUNINA$gRICA$2UNIMARC 901 $aBK 912 $a990007875030403321 952 $a00 EST2812(1/5)$b5550$fDETEC 952 $a00 EST2812(2/5)$b5551$fDETEC 952 $a00 EST2812(3/5)$b5552$fDETEC 952 $a00 EST2812(4/5)$b5553$fDETEC 952 $a00 EST2812(5/5)$b5554$fDETEC 959 $aDETEC 996 $aStudies on the dynamics of vertically falling liquid sheet flows, estratto da Fluid Dynamics, 4(2003$9672737 997 $aUNINA LEADER 01528nam0-2200397---450 001 990005679350203316 005 20190403124959.0 035 $a000567935 035 $aUSA01000567935 035 $a(ALEPH)000567935USA01 035 $a000567935 100 $a20051116g19731974|||y0itaa50------ba 101 $aita 102 $ait 105 $a0 00||| 200 1 $aApologia del libro intitolato Il Gesuita moderno con alcune considerazioni intorno al Risorgimento italiano$fVincenzo Gioberti$ga cura di Rinaldo Orecchia 210 $aPadova$cCedam$d1973-1974 215 $a2 v.$d24 cm. 225 2 $aEdizione nazionale delle opere edite e inedite di Vincenzo Gioberti$fpromossa dall'Istituto di studi filosofici "Enrico Castelli" e dal Centro internazionale di studi umanistici$v27-28 410 0$12001$aEdizione nazionale delle opere edite e inedite di Vincenzo Gioberti$v27-28 620 $dPADOVA 676 $a195 700 1$aGIOBERTI,$bVincenzo$f<1801-1852>$068480 702 1$aORECCHIA,$bRinaldo 801 0$aIT$bSA$c20111219 912 $a990005679350203316 950 0$aDipar.to di Filosofia - Salerno$dDFAA 195 GIO$e7375 FIL 951 $aAA 195 GIO$b7375 FIL 951 $aAA 195 GIO$b7380 FIL 959 $aBK 969 $aFIL 979 $c20121027$lUSA01$h1526 979 $c20121027$lUSA01$h1615 979 $aPATRY$b90$c20130226$lUSA01$h1534 996 $aApologia del libro intitolato Il gesuita moderno con alcune considerazioni intorno al risorgimento italiano$9764767 997 $aUNISA